World development sources. (Record no. 83237)

MARC details
000 -LEADER
fixed length control field 00678nam a2200169 a 4500
008 - FIXED-LENGTH DATA ELEMENTS--GENERAL INFORMATION
fixed length control field 120201s1997 ||||||||||||||||| || u
050 ## - LIBRARY OF CONGRESS CALL NUMBER
Classification number CYBRARY
110 ## - MAIN ENTRY--CORPORATE NAME
Corporate name or jurisdiction name as entry element World Bank
245 10 - TITLE STATEMENT
Title World development sources.
Medium [cd-rom]
260 ## - PUBLICATION, DISTRIBUTION, ETC.
Place of publication, distribution, etc. Washington:
Name of publisher, distributor, etc. World Bank
Date of publication, distribution, etc. 1997
300 ## - PHYSICAL DESCRIPTION
Extent 3/4 inch
350 ## -
-- 0.00
650 #0 - SUBJECT ADDED ENTRY--TOPICAL TERM
Topical term or geographic name entry element ECONOMIC DEVELOPMENT
650 #0 - SUBJECT ADDED ENTRY--TOPICAL TERM
Topical term or geographic name entry element AFRICA--ECONOMIC CONDITIONS
995 ## -
-- e-RESOURCES
-- 0.00
-- 03008478
-- CBU-MAIN LIBRARY (Kitwe)
-- 1
-- 0.00
-- CYBRARY
-- 1
-- AVAILABLE
-- Feb 1, 2012
-- Z03008478
-- e-Media Collection
995 ## -
-- e-RESOURCES
-- 0.00
-- 03008479
-- CBU-MAIN LIBRARY (Kitwe)
-- 1
-- 0.00
-- CYBRARY
-- 2
-- AVAILABLE
-- Feb 1, 2012
-- Z03008479
-- e-Media Collection
999 ## -
-- 83237
-- 83237
Holdings
Withdrawn status Lost status Source of classification or shelving scheme Damaged status Not for loan Permanent Location Current Location Shelving location Date acquired Total Checkouts Full call number Barcode Date last seen Copy number Price effective from Koha item type
          CBU-MAIN LIBRARY, KITWE. CBU-MAIN LIBRARY, KITWE.   10/25/2023   CYBRARY Z03008478 10/25/2023 1 10/25/2023 DVD/CD-ROM
          CBU-MAIN LIBRARY, KITWE. CBU-MAIN LIBRARY, KITWE.   10/25/2023   CYBRARY Z03008479 10/25/2023 2 10/25/2023 DVD/CD-ROM